| 000 | 00000nam##2200000za#4500 |
| 001 | 9.574655 |
| 003 | CaOODSP |
| 005 | 20210624184305 |
| 007 | cr ||||||||||| |
| 008 | 150406|2000||||xxc|||||o f|0| 0 eng|d |
| 022 | |a1205-9153 |
| 040 | |aCaOODSP|beng |
| 043 | |an-cn--- |
| 086 | 1 |aCS11-0019/139E-PDF |
| 245 | 00|aImport competition and market power : |h[electronic resource]|bCanadian evidence / |cby Aileen J. Thompson. |
| 260 | |aOttawa - Ontario : |bStatistics Canada |cApril 2000. |
| 300 | |a21p.|breferences, tables |
| 490 | 1 |aAnalytical Studies Branch research paper series|x1205-9153|vNo. 139 |
| 500 | |aThe catalogue number (11F0019MPE) and ISBN (0-660-18150-9) for the print edition have been incorrectly copied in this electronic publication. |
| 520 | 3 |aThis paper estimates price-marginal cost ratios using detailed establishment-level data for manufacturing industries in Canada during the 1970s. The 1970s were chosen as the period of study due to the substantial increase in trade during this time.--Page 1 |
| 590 | |a12-35-Supp|b2012-08-09 |
| 710 | 2 |aStatistics Canada. |
| 720 | 1 |aThompson, Aileen J. |
| 775 | 08|tLa concurrence des importations et la puissance sur le marché : |w(CaOODSP)9.604390 |
| 776 | 0#|tImport competition and market power : |w(CaOODSP)9.615151 |
| 830 | #0|aResearch paper series (Statistics Canada. Analytical Studies Branch)|x1205-9153|vNo. 139|w(CaOODSP)9.504421 |
| 856 | 40|ahttp://publications.gc.ca|qPDF|s90 KB|uhttps://publications.gc.ca/collections/Collection/CS11-0019-139E.pdf|yNo. 139 |